Aspectos atinentes a la facturación en el comercio exterior. Requisitos en el caso de mercadería importada y tipo de factura para la llamada "exportación de servicios" (Registro nro. 13080)
[ vista simple ]
| 000 -LEADER | |
|---|---|
| fixed length control field | 00453 a2200109 4500 |
| 001 - CONTROL NUMBER | |
| control field | ART_7859 |
| 005 - DATE AND TIME OF LATEST TRANSACTION | |
| control field | 20260410161638.0 |
| 008 - FIXED-LENGTH DATA ELEMENTS--GENERAL INFORMATION | |
| fixed length control field | 260409a |
| 100 1# - MAIN ENTRY--PERSONAL NAME | |
| Personal name | Lorenzo, Armando |
| 245 10 - TITLE STATEMENT | |
| Title | Aspectos atinentes a la facturación en el comercio exterior. Requisitos en el caso de mercadería importada y tipo de factura para la llamada "exportación de servicios" |
| 773 0# - HOST ITEM ENTRY | |
| Title | Consultor tributario |
| Related parts | - Vol. 2, Nº 15 (may. 2008) |
| Record control number | REV474 |
No hay ítems disponibles.